[Event "Montebelluna Elite 2020"]
[Site "Montebelluna"]
[Date "2020.01.05"]
[Round "8.8"]
[White "Vignesh B"]
[Black "Sankalp Gupta"]
[Result "0-1"]
[WhiteElo "1912"]
[BlackElo "2400"]
[Annotator "ChessBase"]
[PlyCount "116"]
[EventDate "2020.01.02"]
[EventType "swiss"]
[EventCountry "ITA"]
[SourceTitle "playchess.com"]
[Source "ChessBase"]
[SourceQuality "1"]
[TimeControl "5400+30"]

1. e4 {[%emt 0:00:00]} c5 {[%emt 0:00:00]} 2. Nf3 {[%emt 0:00:10]} Nc6 {[%emt 0:00:00]} 3. d4 {[%emt 0:00:11]} cxd4 {[%emt 0:00:00]} 4. Nxd4 {[%emt 0:00:12]} Nf6 {[%emt 0:00:00]} 5. Nc3 {[%emt 0:00:12]} d6 {[%emt 0:00:00]} 6. Be2 {[%emt 0:00:21]} e5 {[%emt 0:00:00]} 7. Nb3 {[%emt 0:01:07]} Be7 {[%emt 0:00:00]} 8. Be3 {[%emt 0:00:11]} O-O {[%emt 0:00:00]} 9. O-O {[%emt 0:00:10]} Be6 {[%emt 0:00:12]} 10. Kh1 {[%emt 0:00:58]} a5 {[%emt 0:00:02]} 11. f4 {[%emt 0:01:25]} a4 {[%emt 0:01:59]} 12. fxe5 {[%emt 0:00:30]} axb3 {[%emt 0:12:30]} 13. exf6 {[%emt 0:00:09]} bxc2 {[%emt 0:00:05]} 14. Qxc2 {[%emt 0:00:10]} Bxf6 {[%emt 0:00:04]} 15. Nd5 {[%emt 0:03:23]} Be5 {[%emt 0:02:38]} 16. Bf4 {[%emt 0:00:38]} Qh4 {[%emt 0:02:55]} 17. Qd2 {[%emt 0:06:53]} Nd4 {[%emt 0:02:00]} 18. g3 {[%emt 0:06:29]} Qd8 {[%emt 0:00:49]} 19. Be3 {[%emt 0:03:13]} Nxe2 {[%emt 0:00:59]} 20. Qxe2 {[%emt 0:00:04]} f5 {[%emt 0:01:23]} 21. Nf4 {[%emt 0:03:09]} Bd7 {[%emt 0:01:24]} 22. exf5 {[%emt 0:03:10]} Bxf5 {[%emt 0:04:02]} 23. Bd4 {[%emt 0:01:16]} Ra4 {[%emt 0:05:10]} 24. Bxe5 {[%emt 0:02:21]} Be4+ {[%emt 0:00:16]} 25. Ng2 {[%emt 0:03:20]} dxe5 {[%emt 0:01:56]} 26. Rad1 {[%emt 0:00:42]} Rxf1+ {[%emt 0:00:49]} 27. Qxf1 {[%emt 0:00:19]} Rd4 {[%emt 0:00:32]} 28. Rxd4 {[%emt 0:02:00]} exd4 {[%emt 0:05:12]} 29. Qc4+ {[%emt 0:00:11]} Qd5 {[%emt 0:07:52]} 30. Qxd5+ {[%emt 0:01:25]} Bxd5 {[%emt 0:00:12]} 31. Kg1 {[%emt 0:00:10]} Bxa2 {[%emt 0:00:05]} 32. Kf2 {[%emt 0:01:21]} Kf7 {[%emt 0:00:30]} 33. Nf4 {[%emt 0:00:25]} Kf6 {[%emt 0:00:46]} 34. Nd3 {[%emt 0:01:40]} Bd5 {[%emt 0:00:54]} 35. Nf4 {[%emt 0:03:33]} Be4 {[%emt 0:01:28]} 36. h4 {[%emt 0:01:06]} Ke5 {[%emt 0:01:29]} 37. Ke2 {[%emt 0:04:25]} Bf5 {[%emt 0:01:02]} 38. Kd2 {[%emt 0:05:06]} Ke4 {[%emt 0:00:22]} 39. Nh5 {[%emt 0:01:19]} g6 {[%emt 0:06:30]} 40. Nf6+ {[%emt 0:00:12]} Kf3 {[%emt 0:00:02]} 41. g4 {[%emt 0:00:56]} Bxg4 {[%emt 0:04:35]} 42. Nxh7 {[%emt 0:00:02]} Kg3 {[%emt 0:00:01]} 43. Kd3 {[%emt 0:00:32]} Kxh4 {[%emt 0:00:02]} 44. Kxd4 {[%emt 0:00:01]} g5 {[%emt 0:00:16]} 45. Ke3 {[%emt 0:00:27]} Bd7 {[%emt 0:00:32]} 46. Nf6 {[%emt 0:02:21]} Bc6 {[%emt 0:00:05]} 47. Ng8 {[%emt 0:00:09]} g4 {[%emt 0:00:34]} 48. Kf2 {[%emt 0:00:57]} g3+ {[%emt 0:00:18]} 49. Kg1 {[%emt 0:00:15]} Kg5 {[%emt 0:00:10]} 50. Ne7 {[%emt 0:00:07]} Be4 {[%emt 0:00:24]} 51. Nc8 {[%emt 0:00:08]} Kf4 {[%emt 0:00:09]} 52. Nd6 {[%emt 0:01:13]} Ke5 {[%emt 0:00:17]} 53. Nb5 {[%emt 0:01:00]} Bc6 {[%emt 0:00:10]} 54. Nc3 {[%emt 0:00:06]} Bf3 {[%emt 0:00:26]} 55. Nb1 {[%emt 0:00:26]} Kd4 {[%emt 0:00:52]} 56. Nd2 {[%emt 0:00:20]} Bc6 {[%emt 0:00:15]} 57. Nf1 {[%emt 0:00:31]} g2 {[%emt 0:00:04]} 58. Ng3 {[%emt 0:01:05]} Kc4 {[%emt 0:00:16]} 0-1

[Event "Montebelluna Elite 2020"]
[Site "Montebelluna"]
[Date "2020.01.05"]
[Round "8.9"]
[White "Loiacono, Antonio"]
[Black "Yurtseven, Melih"]
[Result "1/2-1/2"]
[WhiteElo "2295"]
[BlackElo "2385"]
[Annotator "ChessBase"]
[PlyCount "65"]
[EventDate "2020.01.02"]
[EventType "swiss"]
[EventCountry "ITA"]
[SourceTitle "playchess.com"]
[Source "ChessBase"]
[SourceQuality "1"]
[TimeControl "5400+30"]

1. e4 {[%emt 0:00:00]} e6 {[%emt 0:02:00]} 2. d4 {[%emt 0:00:00]} d5 {[%emt 0:00:05]} 3. Nc3 {[%emt 0:00:00]} dxe4 {[%emt 0:00:05]} 4. Nxe4 {[%emt 0:00:00]} Nd7 {[%emt 0:00:05]} 5. g3 {[%emt 0:01:17]} Ngf6 {[%emt 0:00:32]} 6. Nxf6+ {[%emt 0:00:34]} Nxf6 {[%emt 0:01:20]} 7. Bg2 {[%emt 0:00:16]} c5 {[%emt 0:02:08]} 8. Ne2 {[%emt 0:01:46]} cxd4 {[%emt 0:03:31]} 9. Qxd4 {[%emt 0:04:16]} Bd6 {[%emt 0:08:48]} 10. O-O {[%emt 0:06:25]} Qc7 {[%emt 0:00:21]} 11. Bg5 {[%emt 0:09:11]} Be5 {[%emt 0:10:19]} 12. Qd3 {[%emt 0:12:53]} Bd7 {[%emt 0:02:53]} 13. Bf4 {[%emt 0:11:17]} Bxf4 {[%emt 0:02:04]} 14. Nxf4 {[%emt 0:00:08]} O-O {[%emt 0:00:12]} 15. Rad1 {[%emt 0:09:16]} Rac8 {[%emt 0:02:54]} 16. c3 {[%emt 0:03:28]} Qb6 {[%emt 0:15:10]} 17. Qb1 {[%emt 0:08:07]} Bc6 {[%emt 0:02:03]} 18. h3 {[%emt 0:06:10]} Bxg2 {[%emt 0:01:54]} 19. Kxg2 {[%emt 0:00:23]} Qc6+ {[%emt 0:00:35]} 20. f3 {[%emt 0:00:29]} e5 {[%emt 0:04:16]} 21. Nd3 {[%emt 0:03:27]} Rfe8 {[%emt 0:01:01]} 22. Nb4 {[%emt 0:01:45]} Qe6 {[%emt 0:04:05]} 23. Rfe1 {[%emt 0:01:22]} a5 {[%emt 0:03:27]} 24. Nd3 {[%emt 0:00:40]} e4 {[%emt 0:06:31]} 25. fxe4 {[%emt 0:01:40]} Qc6 {[%emt 0:00:06]} 26. Nf2 {[%emt 0:00:35]} h5 {[%emt 0:00:02]} 27. h4 {[%emt 0:02:45]} Re5 {[%emt 0:03:34]} 28. Rd4 {[%emt 0:02:42]} Rce8 {[%emt 0:16:00]} 29. Qd3 {[%emt 0:00:53]} Nxe4 {[%emt 0:03:08]} 30. Nxe4 {[%emt 0:00:36]} f5 {[%emt 0:00:55]} 31. Qc4+ {[%emt 0:01:29]} Qxc4 {[%emt 0:00:06]} 32. Rxc4 {[%emt 0:00:02]} fxe4 {[%emt 0:00:15]} 33. Rc7 {[%emt 0:01:36]} 1/2-1/2

[Event "Montebelluna Elite 2020"]
[Site "Montebelluna"]
[Date "2020.01.05"]
[Round "8.10"]
[White "Pang, Tao"]
[Black "Sumets, Andrey"]
[Result "1-0"]
[WhiteElo "2367"]
[BlackElo "2566"]
[Annotator "TA"]
[PlyCount "53"]
[EventDate "2020.01.02"]
[EventType "swiss"]
[EventCountry "ITA"]
[SourceTitle "playchess.com"]
[Source "ChessBase"]
[SourceQuality "1"]

{[%evp 16,53,10,-4,18,10,29,2,34,46,38,42,43,48,38,46,68,31,256,258,245,252,395,395,390,387,406,390,504,496,586,562,683,700,676,691,691,659,1182,1182]} 1. c4 e6 2. Nf3 d5 3. d4 Nf6 4. Nc3 Bb4 5. e3 O-O 6. Bd3 b6 7. cxd5 exd5 8. O-O Bb7 9. Ne5 a6 {E52: Nimzo-Indian: Rubinstein: 4...0-0 5 Nf3 d5 6 Bd3 b6} 10. Bd2 Re8 11. Ne2 $146 ({Predecessor:} 11. Rc1 Bf8 12. f4 c5 13. Rf3 Nc6 14. Ne2 Ne4 15. Nxc6 Bxc6 16. Bxe4 Rxe4 17. Rh3 Bd7 {0-1 (45) Aleksandrov,G (1994)-Alekseev,E (2679) St Petersburg 2014}) 11... Bd6 {The position is equal.} 12. f4 Nbd7 13. Be1 Ne4 14. Nc3 $36 {[%mdl 2048] White fights for an advantage.} Ndf6 15. Bh4 Be7 16. Qf3 Nxc3 $2 (16... c5 $14) 17. Bxf6 $1 $18 ({Stronger than} 17. bxc3 Ne4 $11) 17... Bxf6 {[#]} 18. Bxh7+ $1 {[%mdl 512]} Kxh7 (18... Kf8 {might work better.}) 19. Qh5+ {[%mdl 64] Double Attack} Kg8 20. Qxf7+ Kh7 {[#]} 21. Rf3 $1 ({Worse is} 21. bxc3 Bxe5 22. Qh5+ Kg8 $17) 21... Ne2+ {[#]} 22. Kh1 $1 {White is clearly winning.} Bc8 {Threatens to win with ...Qe7.} 23. f5 Nf4 24. exf4 Bxf5 25. Qh5+ {[%mdl 64] Double Attack} Kg8 {White must now prevent ...Bxe5.} 26. Qxf5 Qc8 27. Nd7 {Accuracy: White = 79%, Black = 22%.} 1-0

[Event "Montebelluna Elite 2020"]
[Site "Montebelluna"]
[Date "2020.01.06"]
[Round "9.1"]
[White "Ter-Sahakyan, Samvel"]
[Black "Ozenir, Ekin Baris"]
[Result "1-0"]
[WhiteElo "2617"]
[BlackElo "2285"]
[Annotator "TA"]
[PlyCount "140"]
[EventDate "2020.01.02"]
[EventType "swiss"]
[EventCountry "ITA"]
[SourceTitle "playchess.com"]
[Source "ChessBase"]
[SourceQuality "1"]

{[%evp 13,140,32,39,40,59,20,22,22,55,48,57,72,73,56,55,63,70,64,60,62,56,48,87,73,78,44,43,18,20,17,16,19,36,0,0,0,0,-5,28,0,13,0,0,0,5,9,16,12,31,31,31,31,27,2,2,2,2,2,2,2,5,0,8,8,27,31,31,31,32,8,8,7,31,24,31,0,16,16,16,8,8,8,8,8,8,8,16,16,16,16,16,16,16,16,16,16,16,16,25,29,29,16,16,16,16,0,16,16,16,16,16,16,16,16,30,37,41,0,49,0,49,0,0,8,29964,29969,29965,29967,29972]} 1. e4 Nc6 ({Predecessor:} 1... g6 2. d4 Bg7 3. Nc3 d6 4. Be3 Nf6 5. Nf3 O-O 6. Qd2 Bg4 7. Ng5 Nc6 8. h3 Bd7 9. Nf3 e5 10. dxe5 Nxe5 11. Nxe5 dxe5 12. O-O-O Qe7 13. Bc4 {0-1 (42) Sepp,O (2488)-Kukk,S (2139) Tallinn 2012}) 2. Nf3 d6 3. d4 Nf6 4. Nc3 g6 5. h3 Bg7 6. Be3 O-O 7. Qd2 e5 8. dxe5 {B08: Pirc Defence: Classical System} Nxe5 $146 (8... dxe5 9. Qxd8 Rxd8 10. Bc4 h6 11. Rd1 Rxd1+ 12. Kxd1 Ne8 13. Bb5 Nd6 14. Bxc6 bxc6 15. Nd2 Be6 {1-0 (71) Nguyen,N (2629)-Mamedov,R (2688) Doha 2016}) 9. Nxe5 dxe5 10. O-O-O {The position is equal.} Qe7 11. Bc4 Be6 12. Bxe6 Qxe6 13. Kb1 Rfc8 14. f3 Bf8 15. Nd5 {[%cal Bc3d5,Bd5b4,Bb4d3,Bd3c5][%mdl 32]} Ne8 16. Qc3 c6 17. Nb4 Nd6 18. Nd3 f6 19. Nc5 Qf7 20. Qb3 Be7 21. Qxf7+ Kxf7 22. Nd3 Rd8 23. Rhe1 b6 24. c3 Rac8 25. Kc2 Ke6 26. a4 Nb7 27. b4 Rd7 28. Nb2 Rcd8 29. Rxd7 Rxd7 30. Nc4 b5 31. Nd2 a5 32. bxa5 Nxa5 33. axb5 cxb5 34. Ra1 Nc4 35. Nxc4 bxc4 $11 {[%mdl 4096] Endgame KRB-KRB} 36. Ra4 Rc7 $1 37. g4 Bd6 38. Ra6 g5 39. Bf2 Kd7 40. h4 Rc6 41. Ra1 gxh4 42. Bxh4 Be7 43. Bf2 Ke6 44. Be3 Rc7 45. Ra4 Kf7 46. Kd2 Bc5 47. Bxc5 Rxc5 {KR-KR} 48. Ke3 Kg6 49. f4 h5 50. gxh5+ Kxh5 51. Ra6 exf4+ 52. Kxf4 Kg6 53. Ke3 Kf7 54. Kd4 Rc7 55. Kd5 Ke7 56. Re6+ Kf7 57. Rb6 Ke7 58. Rd6 Kf7 59. Rb6 Ke7 60. Rb5 Kf7 61. Rb8 Ke7 62. Rh8 {[#] Threatens to win with Rh7+.} Rd7+ 63. Kxc4 {aiming for Rh7+.} Ke6 64. Re8+ Kf7 65. Rh8 {Rh7+ is the strong threat.} (65. Rb8 {keeps more tension.} Rd1 66. Rb5 Rg1 67. Rf5 Ke6 68. Kd4) 65... Ke6 66. Kb5 Kd6 67. Kb6 (67. Rf8 $5 {[%cal Rf8f6]}) 67... Re7 68. c4 {Black must now prevent c5+.} Rxe4 $2 {[%mdl 8192] [#]} (68... Ke5 $11) 69. c5+ Ke7 70. c6 Rf4 {Accuracy: White = 64%, Black = 56%.} 1-0

[Event "Montebelluna Elite 2020"]
[Site "Montebelluna"]
[Date "2020.01.06"]
[Round "9.2"]
[White "Martinez Alcantara, Jose Eduardo"]
[Black "Delchev, Aleksander"]
[Result "1/2-1/2"]
[WhiteElo "2606"]
[BlackElo "2550"]
[Annotator "TA"]
[PlyCount "87"]
[EventDate "2020.01.02"]
[EventType "swiss"]
[EventCountry "ITA"]
[SourceTitle "playchess.com"]
[Source "ChessBase"]
[SourceQuality "1"]

{[%evp 20,87,16,22,27,18,19,17,24,19,22,19,19,25,20,20,31,33,33,33,34,37,33,34,45,35,32,31,27,28,33,11,10,0,0,0,0,0,0,0,0,0,0,0,0,0,20,10,89,0,27,0,0,0,0,0,0,0,0,0,0,0,0,0,0,0,0,0,0,0]} 1. e4 e5 2. Nf3 Nc6 3. Bb5 a6 4. Ba4 Nf6 5. O-O Be7 6. d3 d6 7. c3 O-O 8. Re1 Re8 9. Nbd2 Bf8 10. Nf1 h6 $146 ({Predecessor:} 10... b5 11. Bc2 h6 {½-½ (40) Kosintseva,T (2474)-Jakovenko,D (2691) Wijk aan Zee 2007}) 11. Ng3 b5 {C77: Ruy Lopez: 3...a6 4 Ba4 Nf6, unusual lines} 12. Bc2 d5 13. a4 {[#] Strongly threatening axb5.} Rb8 14. axb5 axb5 15. h3 dxe4 16. dxe4 Qxd1 17. Rxd1 Bc5 18. b4 Bb6 19. Nf1 {[%cal Bg3f1,Bf1e3,Be3f5][%mdl 32]} Bb7 20. Be3 Bxe3 21. Nxe3 Nd8 22. Nd2 Ne6 23. f3 c5 24. Nb3 c4 25. Na5 Ba8 26. Nf5 h5 27. Rd6 g6 28. Ne3 Kg7 29. h4 Red8 30. Ra6 Nc7 31. Ra7 Nfe8 32. Kf1 Rb6 33. Ke1 Kf8 (33... Rbb8 $11) 34. Ra3 (34. Naxc4 $16 bxc4 35. Nxc4) 34... Rdb8 35. Bd1 Re6 {The position is equal.} 36. Be2 Re7 {aiming for ...Nd6.} 37. Ra2 Nd6 {[#] White must now prevent ...Nc8.} 38. Rd2 Nc8 39. Rd8+ Re8 40. Rxe8+ Nxe8 41. Rd7 $1 Nb6 42. Ra7 Nc8 43. Rd7 $1 Nb6 44. Ra7 {Accuracy: White = 67%, Black = 84%.} 1/2-1/2

[Event "Montebelluna Elite 2020"]
[Site "Montebelluna"]
[Date "2020.01.06"]
[Round "9.4"]
[White "Sankalp Gupta"]
[Black "Radovanovic, Mihajlo"]
[Result "1-0"]
[WhiteElo "2400"]
[BlackElo "2485"]
[Annotator "RC"]
[PlyCount "103"]
[EventDate "2020.01.02"]
[EventType "swiss"]
[EventCountry "ITA"]
[SourceTitle "playchess.com"]
[Source "ChessBase"]
[SourceQuality "1"]
[TimeControl "5400+30"]

1. e4 {[%emt 0:04:23]} c5 {[%emt 0:00:00]} 2. Nf3 {[%emt 0:00:03]} d6 {[%emt 0:00:00]} 3. d4 {[%emt 0:00:02]} cxd4 4. Nxd4 {[%emt 0:00:03]} Nf6 {[%emt 0:00:11]} 5. Nc3 {[%emt 0:00:02]} a6 {[%emt 0:00:04]} 6. Nb3 {[%emt 0:00:04]} Nc6 {[%emt 0:01:02]} 7. Be3 {[%emt 0:00:11]} e6 {[%emt 0:01:56]} 8. g4 {[%emt 0:00:05]} h6 {[%emt 0:02:01]} 9. Bg2 {[%emt 0:00:09]} Ne5 {[%emt 0:03:28]} 10. h3 {[%emt 0:00:26]} g5 {[%emt 0:00:31]} 11. Qe2 {[%emt 0:02:32]} b5 {[%emt 0:02:22]} 12. O-O-O {[%emt 0:04:49]} b4 {[%emt 0:05:16]} 13. Na4 {[%emt 0:00:38]} Nfd7 {[%emt 0:02:38]} 14. h4 {[%emt 0:16:04]} Rg8 {[%emt 0:02:22]} 15. hxg5 hxg5 {[%emt 0:00:12]} 16. Rh5 {[%emt 0:11:34]} a5 {[%emt 0:12:00]} 17. f3 {[%emt 0:02:39]} Qc7 {[%emt 0:05:14]} 18. Kb1 {[%emt 0:06:13]} Be7 {[%emt 0:18:51]} 19. Qf2 {[%emt 0:05:26]} Rb8 {[%emt 0:01:29]} 20. Bf1 {[%emt 0:01:03]} Nf6 {[%emt 0:02:33]} 21. Bb6 {[%emt 0:11:50]} Qd7 {[%emt 0:01:20]} 22. Nac5 {[%emt 0:03:03]} Qc6 {[%emt 0:10:38]} 23. Ba7 {[%emt 0:00:02]} Qc7 {[%emt 0:00:31]} 24. Na6 {[%emt 0:03:20]} Bxa6 {[%emt 0:00:09]} 25. Bxb8 {[%emt 0:00:03]} Qxb8 {[%emt 0:00:26]} 26. Bxa6 {[%emt 0:00:02]} Nxh5 {[%emt 0:01:38]} 27. gxh5 {[%emt 0:00:57]} a4 {[%emt 0:04:21]} 28. Nd4 {[%emt 0:00:29]} a3 {[%emt 0:00:04]} 29. Bb5+ {[%emt 0:03:15]} Kf8 {[%emt 0:01:10]} 30. f4 {[%emt 0:02:17]} gxf4 {[%emt 0:00:20]} 31. Qxf4 {[%emt 0:00:30]} Rg4 {[%emt 0:00:06]} 32. Qf2 {[%emt 0:02:25]} Kg7 {[%emt 0:02:24]} 33. Be2 {[%emt 0:06:58]} Rg5 {[%emt 0:01:05]} 34. Rh1 {[%emt 0:02:22]} Kh6 {[%emt 0:00:52]} 35. Qe3 {[%emt 0:00:56]} Qc8 {[%emt 0:02:38]} 36. Rf1 {[%emt 0:00:40]} Qc5 {[%emt 0:01:00]} 37. Qd2 {[%emt 0:01:25]} Kg7 {[%emt 0:04:23]} 38. Nb3 {[%emt 0:01:08]} Qb6 {[%emt 0:00:34]} 39. Qf4 {[%emt 0:02:08]} Rg2 {[%emt 0:00:54]} 40. Qd2 {[%emt 0:02:33]} Bg5 {[%emt 0:00:26]} 41. Qd1 {[%emt 0:00:54]} Qe3 {[%emt 0:02:26]} 42. Qxd6 {[%emt 0:03:27]} Qxe4 {[%emt 0:00:29]} 43. Bd1 {[%emt 0:00:42]} Nc4 {[%emt 0:02:59]} 44. Qc7 {[%emt 0:00:06]} Bf6 {[%emt 0:00:26]} 45. h6+ {[%emt 0:00:45]} Kg6 {[%emt 0:01:55]} 46. h7 {[%emt 0:00:57]} Qe5 {[%emt 0:01:56]} 47. h8=N+ {[%emt 0:01:41]} Bxh8 {[%emt 0:00:50]} 48. Qxf7+ {[%emt 0:00:01]} Kh6 {[%emt 0:00:30]} 49. Rh1+ {[%emt 0:00:10]} Rh2 {[%emt 0:01:57]} 50. Rxh2+ {[%emt 0:00:01]} Qxh2 {[%emt 0:00:01]} 51. Qxe6+ {[%emt 0:00:08]} Kg5 {[%emt 0:00:05]} 52. Qg4+ {[%emt 0:00:09]} 1-0